00832cam a22002171 4500001001300000003000400013005001700017008004100034010001700075025002000092035002000112040002100132050002000153100002300173245017700196260004100373300001800414500011400432651005100546999001700597sa 68010624 DLC20260227112553.0940624s1967 io 000 0 ind  asa 68010624  aPL480:Indo-6981 a(OCoLC)30663167 aDLCcCUdCUdDLC00aJQ763 1967b.N60 aNotonagoro,d1905-10aBeberapa hal mengenai falsafah Pantjasila;bpengertian inti-isi-mutlak daripada Pantjasila, dasar falsafah negara, pokok pangkal pelaksanaannja setjara murni dan konsekwen. a[Djakarta,bPantjuran Tudjuh,c1967] a57 p.c21 cm. a"Uraian pada dies natalis I Universitas Pantjasila, tanggal 18 Nop. 1967, di aula Univ. Pantjasila Djakarta." 0aIndonesiaxPolitics and governmenty1950-1966. c83457d83457